000 00771nam a2200229 a 4500
001 8340
003 CO-ViMGA
008 141112s2004 ck r 000 u spa d
040 _aCO-ViMGA
_bspa
_cCO-ViMGA
082 0 4 _a621.7 G65f
100 1 _aGomez, Oberto
_98214
245 1 0 _aGeneracion de conocimientos en la industria /
_cGomez Oberto
260 _aBogotá,
_cSecab,
_c1994
300 _a61 p.
490 _aPrograma Nacional de Gerencia de Ciencia y Tecnologia
500 _aModulo 8/16.
590 _aForma de adquisición : donacion - - Proveedor : Red Nacional de Bibliotecas Publicas - - Ejemplares : 2
650 1 4 _aciencia y tecnologia
_98215
650 1 4 _aIngenieria Industrial
_98216
650 1 4 _atecnologia - innovaciones
_98217
942 _2ddc
_cBK
999 _c20121
_d20121